رواد البريد المصري
محفوظ في:
المؤلف الرئيسي:
التنسيق: كتاب
اللغة: Undetermined
منشور في:
Cairo
الوسوم: إضافة وسم
لا توجد وسوم, كن أول من يضع وسما على هذه التسجيلة!
رقم الطلب: HE7336 A25
| LEADER | 00469nam a2200133Ia 4500 | ||
|---|---|---|---|
| 008 | 230909s9999||||xx |||||||||||||| ||und|| | ||
| 050 | 4 | |a HE7336 A25 | |
| 100 | 1 | |a محمد فوزي عبد القادر ، فيكتور انطون | |
| 245 | 1 | 0 | |a رواد البريد المصري |
| 264 | 1 | |a Cairo | |
| 300 | |a 231 p |c 23cm | ||
| 942 | |2 lcc |c BK | ||
| 952 | |0 0 |1 0 |2 lcc |4 0 |6 HE7336 A25 |7 1 |9 50038 |a ARCE |b ARCE |d 2023-09-09 |l 0 |o HE7336 A25 |r 2023-09-09 00:00:00 |w 2023-09-09 |y BK | ||
| 999 | |c 54661 |d 54661 | ||
